000 00593nam a2200205 i 4500
001 48431
003 ES-MaACL
005 20230906161742.0
007 t|
008 030820s1910 fr ||||1| fre d
245 0 0 _aAide-mémoire de thérapeutique /
_cpar G. M. Debove, G. Pouchet, A. Sallard.
250 _a2e éd rev. et augm.
260 _aParis :
_bMasson,
_c1910.
300 _a3 h., II, 911 p. ;
_c25 cm.
650 0 4 _aTerapéutica.
_917479
700 1 _aDebove, G. M.
_943128
700 0 _aPouchet, Gabriel.
_993423
700 1 _aSallard, A.
_9101971
852 _aES-MaACL
_jB-11209
999 _c48431
_d48431